000 00526nam a2200181 4500
003 SEACOMEC
005 20240524111246.0
008 240524b |||||||| |||| 00| 0 eng d
020 _a0195667506.
_cRs.410.00
040 _aSEACOMEC
082 _a621.31921
_bD291
100 _a Decarlo, R A .
245 1 _aLinear Circuit Analysis : Time Domain,Phasor,& Laplace Transform Approaches
_c Decarlo, R A
250 _a2nd ed.
260 _a New Delhi
_b Oxford University Press
_c2001
650 _aElectronic
942 _cBOOK
999 _c1206
_d1206